00471pab a2200169 454500008004000000100001800040245005500058260000900113300001300122362001400135650003300149650002400182650001700206650001000223700001900233773004900252180718b2018 xxu||||| |||| 00| 0 eng d aSolanki, R.B. aWorkforce diversity and its impact on productivity c2018 ap.33-47. aJul & Jan a Interpersonal relationships aWorkforce diversity aProductivity aBanks aSaxena, Ankita aPrestige International Journal of Management